000 00874cam a2200253 a 4500
001 78471
003 BD-RjUL
005 20211209083131.0
008 210926s1964 ua 000 0 ara d
035 _aBD-RjUL)78697
040 _aCTL
_cCTL
_dOCLCG
_dDLC
_beng
041 _aara
082 _223
_a910.41
_bBAR 1964
100 0 _a‏ابن بطوطه.;; Ibn Batuta,
_d1304-1377.
_9248470
245 _aرحلة ابن بطوطة.;; Riḥlat Ibn Baṭūṭah /
_cابن بطوطه. ; Ibn Batuta
260 _aBayrūt :
_bDār Ṣādir,
_c1964.
300 _a749 p. ;
_c23 cm.
600 0 0 _aIbn Batuta,
_d1304-1377
_xTravel.
_9248475
650 _aTravel
_z Asia-Africa
_9248472
651 0 _aAsia
_xDescription and travel
_vEarly works to 1800.
_9248473
651 0 _aAfrica
_xDescription and travel
_vEarly works to 1800.
_9248474
942 _2ddc
_cBK
999 _c78471
_d78471